|
|
|
|
| LEADER |
00000nab a2200000 a 4500 |
| 001 |
vtls000275284 |
| 003 |
SK-MaSNL |
| 005 |
20260304064156.0 |
| 008 |
250422c1986 xo 0 slo |
| 015 |
|
|
|a SNBRB19rr/mm-uuuuu
|
| 035 |
|
|
|a CL0285398
|
| 035 |
|
|
|a urn:nbn:sk:snk-ab2j36
|
| 035 |
|
|
|a (urnnbn)urn:nbn:sk:snk:ar-a02hkw
|
| 035 |
|
|
|a (uuid)e7f60cae-3d70-49e7-a8ca-aaab0d42fd07
|
| 040 |
|
|
|a SNKBUCL
|b slo
|c SNKBUCL
|e AACR2
|
| 041 |
0 |
|
|a cze
|
| 044 |
|
|
|a xo
|c SK
|
| 080 |
|
|
|a 625.42:69:658.5
|2 1981
|
| 080 |
|
|
|a 69
|2 1981
|
| 080 |
|
|
|a 658.5
|2 1981
|
| 100 |
1 |
|
|a Bláha, Karel
|4 aut
|9 284147
|
| 245 |
1 |
0 |
|a Dlouhodobá stabilita výrobního programu v n.p. Metrostav
|c Karel Bláha
|
| 300 |
|
|
|b Obr. 4. Tb. 4. Res. rus., nem., angl.
|
| 650 |
0 |
7 |
|a Metrostav, n.p., Praha
|2 snkbucl
|9 948010
|
| 655 |
|
7 |
|a články z novín a časopisov
|2 snkbucl
|9 267496
|
| 773 |
0 |
|
|t Ekonomika stavebníctva
|g Roč. 21, č. 11 (1986), s. 346-349
|
| 850 |
|
|
|a Slovenská národná knižnica
|
| 852 |
|
|
|a Slovenská národná knižnica
|
| 954 |
|
|
|a odborná, vedecká literatúra cudzojazyčná (svetová)
|2 lita
|
| 957 |
|
|
|a 3100
|
| 958 |
|
|
|a article27
|
| 958 |
|
|
|a RK
|
| 958 |
|
|
|a CZ
|
| 958 |
|
|
|a OND
|
| 958 |
|
|
|a EUIPO
|
| 992 |
|
|
|a RBX
|
| 999 |
|
|
|c 2745430
|d 2747360
|